Flags of Africa - Statistics

General Stats
  • This quiz has been taken 21 times
  • The average score is 49 of 54
Answer Stats
Picture Answer % Correct
Algeria
100%
Chad
100%
Egypt
100%
Ethiopia
100%
Libya
100%
Mali
100%
Mauritania
100%
Morocco
100%
Niger
100%
Nigeria
100%
Tunisia
100%
Central African Republic
95%
Ghana
95%
Ivory Coast
95%
Kenya
95%
Liberia
95%
Senegal
95%
Seychelles
95%
South Africa
95%
Sudan
95%
Uganda
95%
Angola
90%
Benin
90%
Burkina Faso
90%
Burundi
90%
Cameroon
90%
Cape Verde
90%
Democratic Republic of the Congo
90%
Djibouti
90%
Equatorial Guinea
90%
Eritrea
90%
Lesotho
90%
Madagascar
90%
Mozambique
90%
Sao Tome and Principe
90%
Sierra Leone
90%
Somalia
90%
South Sudan
90%
Togo
90%
Zambia
90%
Zimbabwe
90%
Comoros
85%
Congo
85%
Eswatini
85%
Gambia
85%
Malawi
85%
Mauritius
85%
Namibia
85%
Rwanda
85%
Tanzania
85%
Botswana
80%
Gabon
80%
Guinea
80%
Guinea Bissau
75%
No matching quizzes found
Score Distribution
Percent of People with Each Score
Percentile by Number Answered
Your Score History
You have not taken this quiz